| 000 | 00905nam a2200193 a 4500 | ||
|---|---|---|---|
| 008 | 170815s2017 ||||||||||||||||| || u | ||
| 020 | _a978-1-920446-66-6 | ||
| 050 | _aZAM K3293 ELE | ||
| 245 | 0 | 0 |
_aElectoral justice in Zambia: resolving disputes from the 2016 elections and emerging jurisprudence _cby Electoral Institute for Sustainable Democracy in Africa (EISA) |
| 260 |
_aJohannesburg _bCorpnet _c2017 |
||
| 300 | _aviiii,76p.:ill. | ||
| 650 | _aELECTIONS--ZAMBIA | ||
| 650 | _aELECTION LAW | ||
| 650 | _aELECTION PETITIONS--ZAMBIA | ||
| 650 | _aCONTESTED ELECTIONS--ZAMBIA | ||
| 650 | _aELECTIONS DISPUTES--ZAMBIA | ||
| 995 |
_aSPECIAL COLLECTIONS _e747729 _FCBU-MAIN LIBRARY (Kitwe) _jZAM K3293 ELE _M2 _UAVAILABLE _WAug 15, 2017 _yB3375 _ZZambiana Collection |
||
| 995 |
_aSPECIAL COLLECTIONS _e747728 _FCBU-MAIN LIBRARY (Kitwe) _jZAM K3293 ELE _M1 _UAVAILABLE _WAug 15, 2017 _yB3374 _ZZambiana Collection |
||
| 999 |
_c75781 _d75781 |
||